000 00576cab a2200217 4500
001 X747
008 090401t xxu||||| |||| 00| 0 eng d
035 _a(Sirsi) u67310
041 _aeng
245 _aPosthumus v Oosterwoud
300 _a1992 CMLR 336-352(17)
350 _a0
490 _aCommunity Market Law Reports
520 _aCourt of Justice of European Communities. 6 December 1991. (Transcript drawer)
650 _aDAIRY QUOTAS
650 _aEC LAW
650 _aMILK PRODUCTION
690 _aRURAL PRACTICE-CASE LAW
942 _n0
948 _c04/03/1997
999 _c42122
_d42122